[Event "Belgrade Ada op"]
[Site "Belgrade"]
[Date "2005.08.18"]
[Round "4"]
[White "Pokrajac, Momcilo"]
[Black "Lovric, Robert"]
[Result "0-1"]
[WhiteElo "1974"]
[BlackElo "2104"]
[PlyCount "61"]
[EventDate "2005.08.15"]
[EventType "swiss"]
[EventRounds "9"]
[EventCountry "YUG"]
[SourceTitle "CBM 107 Extra"]
[Source "ChessBase"]
[SourceDate "2005.09.01"]
[SourceVersion "1"]
[SourceVersionDate "2005.09.01"]
[SourceQuality "1"]

1. e4 c5 2. Nf3 d6 3. Nc3 Nf6 4. d4 cxd4 5. Nxd4 g6 6. Bc4 Bg7 7. 0-0 0-0 8. h3 a6 9. a3 Nxe4 10. Bxf7+ Rxf7 11. Nxe4 e5 12. Nf3 d5 13. Nc3 d4 14. Re1 Nc6 15. Ne4 Be6 16. Nfg5 Re7 17. Nxe6 Rxe6 18. Nc5 Re8 19. Nxb7 Qe7 20. c3 Qxb7 21. cxd4 Nxd4 22. b4 Qf7 23. Be3 Red8 24. Rb1 Qa2 25. Bxd4 Rxd4 26. Qb3+ Qxb3 27. Rxb3 Rc8 28. Re2 Kf7 29. f3 Ke6 30. Kf2 Bh6 31. g3 0-1